James Bond Filme - Statistiken

Allgemein
  • Dieses Quiz wurde 502 mal gespielt
  • Das Durchschnittsergebnis liegt bei 15 aus 24
Antwortstatistiken
Antwort % Korrekt
3 Goldfinger
87%
21 Casino Royale
84%
23 Skyfall
83%
17 Goldeneye
79%
24 Spectre
78%
13 Octopussy
73%
2 Liebesgrüße aus Moskau
71%
22 Ein Quantum Trost
69%
20 Stirb an einem anderen Tag
69%
18 Der Morgen stirbt nie
66%
1 James Bond jagt Dr. No
63%
9 Der Mann mit dem goldenen Colt
60%
6 Im Geheimdienst Ihrer Majestät
58%
5 Man lebt nur zweimal
58%
10 Der Spion der mich liebte
57%
7 Diamantenfieber
57%
16 Lizenz zum Töten
57%
4 Feuerball
56%
8 Leben und sterben lassen
56%
19 Die Welt ist nicht genug
53%
14 Im Angesicht des Todes
47%
15 Der Hauch des Todes
45%
12 In tödlicher Mission
43%
11 Moonraker - Streng geheim
43%
Keine übereinstimmenden Quizze gefunden
Verteilung der Resultate
Anzahl Personen mit jedem Resultat
Perzentil nach korrekt beantworteten Fragen
Ihre Resultats-Entwicklung
Sie haben dieses Quiz noch nicht gespielt